Smallest Countries with Multiple Time Zones - Statistics

General Stats
  • This quiz has been taken 67 times
  • The average score is 8 of 15
Answer Stats
Time Zones Answer % Correct
12 France
89%
9 United Kingdom
77%
2 Spain
72%
3 Kiribati
69%
2 Federated States of Micronesia
62%
2 Portugal
60%
5 New Zealand
58%
3 Indonesia
55%
2 Netherlands
51%
2 Papua New Guinea
51%
2 South Africa
45%
3 Chile
42%
2 Mongolia
42%
2 Ukraine
31%
2 Ecuador
23%
No matching quizzes found
Score Distribution
Percent of People with Each Score
Percentile by Number Answered
Your Score History
You have not taken this quiz